• 首页
  • 本馆介绍
  • 公告通知
  • 最新文献
  • 馆藏检索
  • 电子资源
  • 读者导购
  • 参考咨询
  • 我的图书馆
  • 登录
  • 详细信息显示
  • 放入我的书架
  • 预约/预借图书
  • 作者相关作品
  • 分类相关作品
  • 丛书相关作品
  • 出版社相关作品

书目信息

  • 表格格式
  • 工作单格式
  • 卡片格式
题名:
谷物制品营养强化及品质改良新工艺技术
    
 
作者: 陆勤丰 编著
分册:  
出版信息: 北京   化学工业出版社  2008
页数: 156页
开本: 24cm
丛书名:
单 册:
中图分类: R151.3 , TS213.01
科图分类:
主题词: 谷类制食品--食品营养 , 谷类制食品--食品加工--工艺学 , 谷类制食品 , 食品营养 , 食品加工
电子资源:
ISBN: 978-7-122-03365-9
000 00987nam0 2200289 45
001 1033055062
005 20100407171042.23
010    @a978-7-122-03365-9@dCNY29.00
100    @a20100401d2008 em y0chiy50 ea
101 0  @achi
102    @aCN@b110000
105    @ay z 000yy
106    @ar
200 1  @a谷物制品营养强化及品质改良新工艺技术@AGu Wu Zhi Pin Ying Yang Qiang Hua Ji Pin Zhi Gai Liang Xin Gong Yi Ji Shu@f陆勤丰编著@FLu Qin Feng Bian Zhu
210    @a北京@c化学工业出版社@d2008
215    @a156页@d24cm
330    @a本书共分8章,内容包括:谷物及其制品的物理化学特性、谷物制品营养强化理论、营养强化剂的选择与使用、大米营养强化工艺技术等。
606 0  @a谷类制食品@x食品营养
606 0  @a谷类制食品@x食品加工@x工艺学
606 0  @a谷类制食品
606 0  @a食品营养
606 0  @a食品加工
690    @aR151.3@v4
690    @aTS213.01@v4
701  0 @a陆勤丰@ALu Qin Feng@f(1969~)@4编著
801  0 @aCN@bTANGWEI@c20100407
905    @b0587897-900@dR151.3@e85@f4
    
    谷物制品营养强化及品质改良新工艺技术/陆勤丰编著.-北京:化学工业出版社,2008
    156页;24cm
    
    
    ISBN 978-7-122-03365-9:CNY29.00
    本书共分8章,内容包括:谷物及其制品的物理化学特性、谷物制品营养强化理论、营养强化剂的选择与使用、大米营养强化工艺技术等。
●
相关链接 在E读中查询图书 在五车中查询图书 在当当中查询图书 在豆瓣中查询图书


正题名:谷物制品营养强化及品质改良新工艺技术     索取号:R151.3/85         预约/预借

序号 登录号 条形码 馆藏地/架位号 状态 备注
1 0587897   205878978   第二样本阅览室/ [索取号:R151.3/85] 在馆    
2 0587898   205878987   第三借阅区/ [索取号:R151.3/85] 在馆    
3 0587899   205878996   第三借阅区/ [索取号:R151.3/85] 在馆    
4 0587900   205879003   第三借阅区/ [索取号:R151.3/85] 在馆    
唐山师范学院图书馆 欢迎您!
大连网信软件有限公司© 版权所有